000 00556nam a22001817a 4500
003 NUST
005 20260216164118.0
008 260216b ||||| |||| 00| 0 eng d
020 _a978-0805360547
082 _a005.74
_bMCF
100 _a Fred R. McFadden, Jeffrey A. Hoffer & Mary B. Prescott.
_9133274
245 _aModern Database Management /
_c Fred R. McFadden, Jeffrey A. Hoffer & Mary B. Prescott.
250 _a5th Edition.
260 _bAddison-Wesley,
_c1998.
300 _axxvi, 622 p ;
_c33.9 cm
563 _aPaperback
942 _2ddc
_cBK
999 _c616233
_d616233